<?xml version="1.0" encoding="UTF-8"?>
<record
    xmlns:xsi="http://www.w3.org/2001/XMLSchema-instance"
    xsi:schemaLocation="http://www.loc.gov/MARC21/slim http://www.loc.gov/standards/marcxml/schema/MARC21slim.xsd"
    xmlns="http://www.loc.gov/MARC21/slim">

  <leader>00439nam a22001577a 4500</leader>
  <controlfield tag="005">20250208122648.0</controlfield>
  <controlfield tag="008">250208b        |||||||| |||| 00| 0 eng d</controlfield>
  <datafield tag="020" ind1=" " ind2=" ">
    <subfield code="a">1560534206</subfield>
  </datafield>
  <datafield tag="050" ind1=" " ind2=" ">
    <subfield code="a">RC682</subfield>
    <subfield code="b">.C39</subfield>
  </datafield>
  <datafield tag="245" ind1=" " ind2=" ">
    <subfield code="a">Cardiology Secrets/</subfield>
    <subfield code="c">edited by Olivia Vynn Adair</subfield>
  </datafield>
  <datafield tag="250" ind1=" " ind2=" ">
    <subfield code="a">2nd ed.</subfield>
  </datafield>
  <datafield tag="260" ind1=" " ind2=" ">
    <subfield code="a">Philadelphia</subfield>
    <subfield code="b">Hanley &amp; Belfus</subfield>
    <subfield code="c">2001</subfield>
  </datafield>
  <datafield tag="300" ind1=" " ind2=" ">
    <subfield code="a">xv. 343p.</subfield>
    <subfield code="b">ill.</subfield>
    <subfield code="c">23cm</subfield>
  </datafield>
  <datafield tag="700" ind1=" " ind2=" ">
    <subfield code="a">Adair, Olivia Vynn</subfield>
  </datafield>
  <datafield tag="942" ind1=" " ind2=" ">
    <subfield code="2">lcc</subfield>
    <subfield code="c">BK</subfield>
    <subfield code="e">2nd ed</subfield>
    <subfield code="n">0</subfield>
  </datafield>
  <datafield tag="999" ind1=" " ind2=" ">
    <subfield code="c">3665</subfield>
    <subfield code="d">3665</subfield>
  </datafield>
  <datafield tag="952" ind1=" " ind2=" ">
    <subfield code="0">0</subfield>
    <subfield code="1">0</subfield>
    <subfield code="2">lcc</subfield>
    <subfield code="4">0</subfield>
    <subfield code="7">0</subfield>
    <subfield code="8">NFIC</subfield>
    <subfield code="a">MSL</subfield>
    <subfield code="b">MSL</subfield>
    <subfield code="c">GEN</subfield>
    <subfield code="d">2025-02-08</subfield>
    <subfield code="l">0</subfield>
    <subfield code="o">RC682 .C39 CAR</subfield>
    <subfield code="p">SLM00003217</subfield>
    <subfield code="r">2025-02-08 12:28:16</subfield>
    <subfield code="t">1</subfield>
    <subfield code="w">2025-02-08</subfield>
    <subfield code="y">BK</subfield>
  </datafield>
  <datafield tag="952" ind1=" " ind2=" ">
    <subfield code="0">0</subfield>
    <subfield code="1">0</subfield>
    <subfield code="2">lcc</subfield>
    <subfield code="4">0</subfield>
    <subfield code="7">0</subfield>
    <subfield code="8">NFIC</subfield>
    <subfield code="a">MSL</subfield>
    <subfield code="b">MSL</subfield>
    <subfield code="c">GEN</subfield>
    <subfield code="d">2025-02-08</subfield>
    <subfield code="l">0</subfield>
    <subfield code="o">RC682 .C39 CAR</subfield>
    <subfield code="p">SLM00003218</subfield>
    <subfield code="r">2025-02-08 12:28:16</subfield>
    <subfield code="t">2</subfield>
    <subfield code="w">2025-02-08</subfield>
    <subfield code="y">BK</subfield>
  </datafield>
  <datafield tag="952" ind1=" " ind2=" ">
    <subfield code="0">0</subfield>
    <subfield code="1">0</subfield>
    <subfield code="2">lcc</subfield>
    <subfield code="4">0</subfield>
    <subfield code="7">0</subfield>
    <subfield code="8">NFIC</subfield>
    <subfield code="a">MSL</subfield>
    <subfield code="b">MSL</subfield>
    <subfield code="c">GEN</subfield>
    <subfield code="d">2025-02-08</subfield>
    <subfield code="l">0</subfield>
    <subfield code="o">RC682 .C39 CAR</subfield>
    <subfield code="p">SLM00003219</subfield>
    <subfield code="r">2025-02-08 12:28:16</subfield>
    <subfield code="t">3</subfield>
    <subfield code="w">2025-02-08</subfield>
    <subfield code="y">BK</subfield>
  </datafield>
  <datafield tag="952" ind1=" " ind2=" ">
    <subfield code="0">0</subfield>
    <subfield code="1">0</subfield>
    <subfield code="2">lcc</subfield>
    <subfield code="4">0</subfield>
    <subfield code="7">0</subfield>
    <subfield code="8">NFIC</subfield>
    <subfield code="a">MSL</subfield>
    <subfield code="b">MSL</subfield>
    <subfield code="c">GEN</subfield>
    <subfield code="d">2025-02-08</subfield>
    <subfield code="l">0</subfield>
    <subfield code="o">RC682 .C39 CAR</subfield>
    <subfield code="p">SLM00003220</subfield>
    <subfield code="r">2025-02-08 12:28:16</subfield>
    <subfield code="t">4</subfield>
    <subfield code="w">2025-02-08</subfield>
    <subfield code="y">BK</subfield>
  </datafield>
  <datafield tag="952" ind1=" " ind2=" ">
    <subfield code="0">0</subfield>
    <subfield code="1">0</subfield>
    <subfield code="2">lcc</subfield>
    <subfield code="4">0</subfield>
    <subfield code="7">0</subfield>
    <subfield code="8">NFIC</subfield>
    <subfield code="a">MSL</subfield>
    <subfield code="b">MSL</subfield>
    <subfield code="c">GEN</subfield>
    <subfield code="d">2025-02-08</subfield>
    <subfield code="l">0</subfield>
    <subfield code="o">RC682 .C39 CAR</subfield>
    <subfield code="p">SLM00003221</subfield>
    <subfield code="r">2025-02-08 12:28:16</subfield>
    <subfield code="t">5</subfield>
    <subfield code="w">2025-02-08</subfield>
    <subfield code="y">BK</subfield>
  </datafield>
  <datafield tag="952" ind1=" " ind2=" ">
    <subfield code="0">0</subfield>
    <subfield code="1">0</subfield>
    <subfield code="2">lcc</subfield>
    <subfield code="4">0</subfield>
    <subfield code="7">0</subfield>
    <subfield code="8">NFIC</subfield>
    <subfield code="a">MSL</subfield>
    <subfield code="b">MSL</subfield>
    <subfield code="c">GEN</subfield>
    <subfield code="d">2025-02-08</subfield>
    <subfield code="l">0</subfield>
    <subfield code="o">RC682 .C39 CAR</subfield>
    <subfield code="p">SLM00003222</subfield>
    <subfield code="r">2025-02-08 12:28:16</subfield>
    <subfield code="t">6</subfield>
    <subfield code="w">2025-02-08</subfield>
    <subfield code="y">BK</subfield>
  </datafield>
  <datafield tag="952" ind1=" " ind2=" ">
    <subfield code="0">0</subfield>
    <subfield code="1">0</subfield>
    <subfield code="2">lcc</subfield>
    <subfield code="4">0</subfield>
    <subfield code="7">0</subfield>
    <subfield code="8">NFIC</subfield>
    <subfield code="a">MSL</subfield>
    <subfield code="b">MSL</subfield>
    <subfield code="c">GEN</subfield>
    <subfield code="d">2025-02-08</subfield>
    <subfield code="l">0</subfield>
    <subfield code="o">RC682 .C39 CAR</subfield>
    <subfield code="p">SLM00003223</subfield>
    <subfield code="r">2025-02-08 12:28:16</subfield>
    <subfield code="t">7</subfield>
    <subfield code="w">2025-02-08</subfield>
    <subfield code="y">BK</subfield>
  </datafield>
  <datafield tag="952" ind1=" " ind2=" ">
    <subfield code="0">0</subfield>
    <subfield code="1">0</subfield>
    <subfield code="2">lcc</subfield>
    <subfield code="4">0</subfield>
    <subfield code="7">0</subfield>
    <subfield code="8">NFIC</subfield>
    <subfield code="a">MSL</subfield>
    <subfield code="b">MSL</subfield>
    <subfield code="c">GEN</subfield>
    <subfield code="d">2025-02-08</subfield>
    <subfield code="l">0</subfield>
    <subfield code="o">RC682 .C39 CAR</subfield>
    <subfield code="p">SLM00003224</subfield>
    <subfield code="r">2025-02-08 12:28:16</subfield>
    <subfield code="t">8</subfield>
    <subfield code="w">2025-02-08</subfield>
    <subfield code="y">BK</subfield>
  </datafield>
  <datafield tag="952" ind1=" " ind2=" ">
    <subfield code="0">0</subfield>
    <subfield code="1">0</subfield>
    <subfield code="2">lcc</subfield>
    <subfield code="4">0</subfield>
    <subfield code="7">0</subfield>
    <subfield code="8">NFIC</subfield>
    <subfield code="a">MSL</subfield>
    <subfield code="b">MSL</subfield>
    <subfield code="c">GEN</subfield>
    <subfield code="d">2025-02-08</subfield>
    <subfield code="l">0</subfield>
    <subfield code="o">RC682 .C39 CAR</subfield>
    <subfield code="p">SLM00003225</subfield>
    <subfield code="r">2025-02-08 12:28:16</subfield>
    <subfield code="t">9</subfield>
    <subfield code="w">2025-02-08</subfield>
    <subfield code="y">BK</subfield>
  </datafield>
  <datafield tag="952" ind1=" " ind2=" ">
    <subfield code="0">0</subfield>
    <subfield code="1">0</subfield>
    <subfield code="2">lcc</subfield>
    <subfield code="4">0</subfield>
    <subfield code="7">0</subfield>
    <subfield code="8">NFIC</subfield>
    <subfield code="a">MSL</subfield>
    <subfield code="b">MSL</subfield>
    <subfield code="c">GEN</subfield>
    <subfield code="d">2025-02-08</subfield>
    <subfield code="l">0</subfield>
    <subfield code="o">RC682 .C39 CAR</subfield>
    <subfield code="p">SLM00003226</subfield>
    <subfield code="r">2025-02-08 12:28:16</subfield>
    <subfield code="t">10</subfield>
    <subfield code="w">2025-02-08</subfield>
    <subfield code="y">BK</subfield>
  </datafield>
</record>
